Famous People - Statistics

General Stats
  • This quiz has been taken 28 times
  • The average score is 20 of 41
Answer Stats
Country Period of Life Famous Person % Correct
Austria 1889-1945 Adolf Hitler
95%
South Africa 1918-2013 Nelson Mandela
86%
North Korea 1912-1994 Kim Il-sung
82%
India 1869-1948 Mahatma Gandhi
82%
France 1769-1821 Napoleon Bonaparte
82%
Russia 1870-1924 Vladimir Lenin
82%
Italy 1863-1945 Benito Mussolini
77%
Egypt 69 BC-30 BC Cleopatra
77%
Spain 1892-1975 Francisco Franco
77%
Jamaica 1945-1981 Bob Marley
73%
Japan 1901-1989 Hirohito
73%
China 1893-1976 Mao Zedong
68%
Germany 1879-1965 Albert Einstein
64%
Mongolia 1162-1227 Genghis Khan
64%
Georgia 1878-1953 Joseph Stalin
64%
Cambodia 1925-1988 Pol Pot
64%
UK 1874-1965 Winston Churchill
64%
Cuba 1926-2016 Fidel Castro
59%
Italy 1452-1519 Leonardo Da Vinci
59%
Germany 1929-1945 Anne Frank
50%
Vietnam 1890-1969 Ho Chi Minh
50%
USA 1929-1968 Martin Luther King Jr.
50%
USA 1935-1977 Elvis Presley
41%
Austria 1863-1914 Franz Ferdinand
41%
USA 1958-2009 Michael Jackson
41%
Netherlands 1853-1890 Vincent van Gogh
41%
France 1412-1431 Joan of Arc
36%
Italy 1254-1324 Marco Polo
32%
Venezuela 1783-1830 Simon Bolivar
32%
UK 1925-2013 Margaret Thatcher
27%
Spain 1904-1989 Salvador Dali
27%
USA 1847-1931 Thomas Edison
27%
USA 1863-1947 Henry Ford
23%
Saudi Arabia 1947-2011 Osama Bin Laden
23%
Colombia 1949-1993 Pablo Escobar
23%
Austria 1856-1939 Sigmund Freud
18%
USA 1971-1996 Tupac Shakur
18%
UK 1809-1882 Charles Darwin
14%
Ukraine 1879-1940 Leon Trotsky
14%
Croatia 1856-1943 Nikola Tesla
14%
USA 1901-1966 Walt Disney
14%
No matching quizzes found
Score Distribution
Percent of People with Each Score
Percentile by Number Answered
Your Score History
You have not taken this quiz